000 01095nam0a22002651 4500
001 rc\4492071
005 20250611183821.0
021 _aRU
_b69-372
021 _aRU
_bРг3110-69
035 _a(NLR Aleph) 008338250
090 _a8860568
_c8860568
100 _a20130416d1968 |||y0rusy50 ca
101 0 _arus
102 _aRU
105 _ay z |||||
200 1 _aТезисы докладов
_fИн-т биологии АН Латв. ССР. Ботан. сад АН Латв. ССР. Латв. науч.-исслед. ин-т животноводства и ветеринарии. Конференция молодых ученых- биологов, посвящ. пятидесятилетию ВЛКСМ. 28-29 ноября 1968 г.
210 _aРига
_cЗинатне
_d1968
215 _a173 с.
_d20
300 _aОтпеч. множит. аппаратом
710 1 2 _aКонференция молодых ученых-биологов (1968; Рига)
801 0 _aRU
_bNLR
_gpsbo
801 1 _aRU
_bELAR
_2rusmarc
852 _aNLR
_j69-3/1702
942 _cBOOK
980 _aNB